<?xml version="1.0" encoding="UTF-8"?>
<record
    xmlns:xsi="http://www.w3.org/2001/XMLSchema-instance"
    xsi:schemaLocation="http://www.loc.gov/MARC21/slim http://www.loc.gov/standards/marcxml/schema/MARC21slim.xsd"
    xmlns="http://www.loc.gov/MARC21/slim">

  <leader>01991nam a22002775a 4500</leader>
  <controlfield tag="005">20161116115331.0</controlfield>
  <controlfield tag="008">161113s2014    nyua   frb    001 0 eng d</controlfield>
  <datafield tag="020" ind1=" " ind2=" ">
    <subfield code="a">9781137279538</subfield>
  </datafield>
  <datafield tag="040" ind1=" " ind2=" ">
    <subfield code="a">EG-ScBUE</subfield>
    <subfield code="b">eng</subfield>
    <subfield code="c">EG-ScBUE</subfield>
    <subfield code="d">EG-ScBUE</subfield>
  </datafield>
  <datafield tag="043" ind1=" " ind2=" ">
    <subfield code="a">a-ir---</subfield>
  </datafield>
  <datafield tag="082" ind1="0" ind2="4">
    <subfield code="a">327.17470955</subfield>
    <subfield code="b">KRO</subfield>
    <subfield code="2">22</subfield>
  </datafield>
  <datafield tag="100" ind1="1" ind2=" ">
    <subfield code="a">Kroenig, Matthew.</subfield>
  </datafield>
  <datafield tag="245" ind1="1" ind2="2">
    <subfield code="a">A time to attack :</subfield>
    <subfield code="b">the looming Iranian nuclear threat /</subfield>
    <subfield code="c">Matthew Kroenig.</subfield>
  </datafield>
  <datafield tag="250" ind1=" " ind2=" ">
    <subfield code="a">1st ed.</subfield>
  </datafield>
  <datafield tag="260" ind1=" " ind2=" ">
    <subfield code="a">New York :</subfield>
    <subfield code="b">Palgrave Macmillan,</subfield>
    <subfield code="c">2014.</subfield>
  </datafield>
  <datafield tag="300" ind1=" " ind2=" ">
    <subfield code="a">xvi, 256 p. ;</subfield>
    <subfield code="c">24 cm.</subfield>
  </datafield>
  <datafield tag="500" ind1=" " ind2=" ">
    <subfield code="a">Index : p. 255-256.
</subfield>
  </datafield>
  <datafield tag="504" ind1=" " ind2=" ">
    <subfield code="a">Includes bibliographical references.
</subfield>
  </datafield>
  <datafield tag="520" ind1=" " ind2=" ">
    <subfield code="a">"Iran's rapidly advancing nuclear program may be the world's most important emerging international security challenge. Not only does Iran have confirmed nuclear capabilities, but the country also has the ability to supply them to other regimes--potentially an even greater, imminent global threat. In this dramatic call to action, Matt Kroenig explains why we need to take immediate steps to a diplomatic and, if necessary, a military solution--now--before Iran makes any further nuclear advances. He draws on the current crisis in Syria, an indicator of the devastating potential of just one nation's chemical capabilities. A Time to Attack provides an authoritative account of the history of Iran's nuclear program and the international community's attempts to stop it, explains and assesses the options available to policymakers, and reflects on what the resolution of the Iranian nuclear challenge will mean for the future of international order. As this crisis is still developing, this book provides an insider's account of what is being said in Washington about what our next move must be"</subfield>
  </datafield>
  <datafield tag="590" ind1=" " ind2=" ">
    <subfield code="a">Suzan Ashmawy ; revised by Fouad.</subfield>
  </datafield>
  <datafield tag="650" ind1=" " ind2="7">
    <subfield code="a">Nuclear weapons</subfield>
    <subfield code="z">Iran.</subfield>
    <subfield code="2">BUEsh</subfield>
    <subfield code="9">31549</subfield>
  </datafield>
  <datafield tag="650" ind1=" " ind2="7">
    <subfield code="a">Nuclear arms control</subfield>
    <subfield code="z">Iran.</subfield>
    <subfield code="2">BUEsh</subfield>
    <subfield code="9">31550</subfield>
  </datafield>
  <datafield tag="651" ind1=" " ind2="7">
    <subfield code="a">Iran</subfield>
    <subfield code="x">Military policy.</subfield>
    <subfield code="2">BUEsh</subfield>
  </datafield>
  <datafield tag="653" ind1=" " ind2=" ">
    <subfield code="b">BUSBOL</subfield>
    <subfield code="c">November2016</subfield>
  </datafield>
  <datafield tag="942" ind1=" " ind2=" ">
    <subfield code="2">ddc</subfield>
  </datafield>
  <datafield tag="999" ind1=" " ind2=" ">
    <subfield code="c">23097</subfield>
    <subfield code="d">23069</subfield>
  </datafield>
  <datafield tag="952" ind1=" " ind2=" ">
    <subfield code="0">0</subfield>
    <subfield code="1">0</subfield>
    <subfield code="2">ddc</subfield>
    <subfield code="4">0</subfield>
    <subfield code="7">0</subfield>
    <subfield code="8">Alahram</subfield>
    <subfield code="a">MAIN</subfield>
    <subfield code="b">MAIN</subfield>
    <subfield code="c">1ST</subfield>
    <subfield code="d">2016-11-13</subfield>
    <subfield code="e">Purchase</subfield>
    <subfield code="g">255.00</subfield>
    <subfield code="h">114</subfield>
    <subfield code="l">2</subfield>
    <subfield code="m">30</subfield>
    <subfield code="o">327.17470955 KRO</subfield>
    <subfield code="p">000045091</subfield>
    <subfield code="r">2025-07-15 00:00:00</subfield>
    <subfield code="s">2025-01-11</subfield>
    <subfield code="v">281.25</subfield>
    <subfield code="y">BB</subfield>
  </datafield>
</record>
